Blood on the Clocktower Demons - Statistics

General Stats
  • This quiz has been taken 38 times
  • The average score is 16 of 19
Answer Stats
Answer % Correct
Imp
97%
Po
97%
Shabaloth
97%
Fang Gu
93%
Vigormortis
90%
Vortox
90%
Legion
87%
Leviathan
87%
No Dashii
87%
Pukka
87%
Zombuul
87%
Al-Hadikhia
83%
Lil' Monsta
80%
Ojo
80%
Yaggababble
80%
Riot
77%
Kazali
73%
Lleech
73%
Lord of Typhon
67%
No matching quizzes found
Score Distribution
Percent of People with Each Score
Percentile by Number Answered
Your Score History
You have not taken this quiz